[Event "SportAccord Rapid 2014"]
[Site "Beijing CHN"]
[Date "2014.12.11"]
[Round "1.4"]
[White "Vachier-Lagrave, Maxime"]
[Black "Nepomniachtchi, Ian"]
[Result "1-0"]
[WhiteTitle "GM"]
[BlackTitle "GM"]
[WhiteElo "2758"]
[BlackElo "2714"]
[WhiteFideId "623539"]
[BlackFideId "4168119"]
[EventDate "2014.12.11"]

1. Nf3 d6 2. e4 c5 3. d4 Nf6 4. dxc5 Qa5+ 5. Nc3 Nxe4 6. cxd6 Nc6 7. Qd5 Nxc3 8.
Qxa5 Nxa5 9. Bd2 exd6 10. Bxc3 Nc6 11. O-O-O Be6 12. Ng5 d5 13. g3 Bc5 14. Nxe6
fxe6 15. f4 Kf7 16. f5 Be3+ 17. Kb1 d4 18. fxe6+ Kxe6 19. Bd2 Bxd2 20. Rxd2 Kd6
21. Bg2 Kc7 22. Bxc6 bxc6 23. Rxd4 Rad8 24. Rhd1 Rxd4 25. Rxd4 Re8 26. b3 Re2
27. h4 Rg2 28. Rd3 h6 29. b4 g5 30. hxg5 hxg5 31. Kb2 Kb6 32. Kb3 a5 33. a3 axb4
34. axb4 c5 35. c3 cxb4 36. cxb4 g4 37. Kc4 Rc2+ 38. Kd5 Rg2 39. Ke5 Kb5 40. Kf4
Kxb4 41. Kxg4 Rh2 42. Kf4 Rh8 43. g4 Rf8+ 44. Ke5 Rg8 45. Rg3 1-0

[Event "SportAccord Rapid 2014"]
[Site "Beijing CHN"]
[Date "2014.12.11"]
[Round "1.8"]
[White "Wojtaszek, Radoslaw"]
[Black "Dominguez Perez, Leinier"]
[Result "0-1"]
[WhiteTitle "GM"]
[BlackTitle "GM"]
[WhiteElo "2744"]
[BlackElo "2726"]
[WhiteFideId "1118358"]
[BlackFideId "3503240"]
[EventDate "2014.12.11"]

1. d4 Nf6 2. c4 g6 3. f3 d5 4. cxd5 Nxd5 5. e4 Nb6 6. Nc3 Bg7 7. Be3 O-O 8. Qd2
e5 9. d5 c6 10. Rd1 cxd5 11. exd5 Qh4+ 12. Bf2 Qb4 13. h4 N8d7 14. h5 Nf6 15.
Rh4 e4 16. hxg6 hxg6 17. fxe4 Re8 18. Be2 Qd6 19. Kf1 Bd7 20. Nf3 Ng4 21. Bd4 f6
22. Kg1 Rac8 23. Nh2 Nxh2 24. Rxh2 Nc4 25. Bxc4 Rxc4 26. Rf1 b5 27. Bxf6 Bxf6
28. Qh6 Bd4+ 29. Kh1 Qe7 30. Ne2 Be5 31. Nf4 Qg7 32. Qg5 Bxf4 33. Qxf4 Rcxe4 34.
Qg3 Re3 35. Qf2 Rf8 36. Qxf8+ Qxf8 37. Rh8+ Kxh8 38. Rxf8+ Kg7 39. Ra8 Kf6 40.
Rxa7 Ke7 41. b3 Rd3 42. Ra6 g5 43. a4 Rxb3 44. d6+ Ke6 45. axb5 Rxb5 46. Kh2 Rd5 0-1

[Event "SportAccord Rapid 2014"]
[Site "Beijing CHN"]
[Date "2014.12.11"]
[Round "2.1"]
[White "Dominguez Perez, Leinier"]
[Black "Vachier-Lagrave, Maxime"]
[Result "1/2-1/2"]
[WhiteTitle "GM"]
[BlackTitle "GM"]
[WhiteElo "2726"]
[BlackElo "2758"]
[WhiteFideId "3503240"]
[BlackFideId "623539"]
[EventDate "2014.12.11"]

1. e4 c5 2. Nf3 d6 3. d4 cxd4 4. Nxd4 Nf6 5. Nc3 a6 6. f3 e5 7. Nb3 Be7 8. Be3
Be6 9. Qd2 O-O 10. O-O-O Nbd7 11. g4 b5 12. Rg1 Nb6 13. Na5 Rc8 14. g5 Nh5 15.
Kb1 g6 16. a3 Qc7 17. Nd5 Nxd5 18. exd5 Bd7 19. Bd3 Bd8 20. Nc6 Bxc6 21. dxc6 d5
22. c3 Qxc6 23. Bc2 d4 24. cxd4 exd4 25. Bxd4 Qxf3 26. Rdf1 Qh3 27. Ka2 Qd7 28.
Rd1 Ng7 29. Qf2 Ne6 30. Bg7 Qc6 31. Bxf8 Bb6 32. Qf6 Rxf8 33. Bb3 Bxg1 34. Rxg1
a5 35. Re1 a4 36. Bxe6 fxe6 37. Qxe6+ Qxe6+ 38. Rxe6 Rf5 39. h4 Rf4 40. Rb6 Rxh4
41. Rxb5 h5 42. gxh6 Kh7 43. b3 Rh2+ 44. Kb1 axb3 45. Rxb3 Rh4 46. Kc2 Kxh6 47.
Kd2 Ra4 48. Ke2 Kg5 49. Kf2 Kf5 50. Kg3 Ke5 51. Re3+ Kd4 52. Rf3 Kc5 53. Rf6
Rxa3+ 54. Kg4 1/2-1/2

[Event "SportAccord Rapid 2014"]
[Site "Beijing CHN"]
[Date "2014.12.11"]
[Round "2.8"]
[White "Nepomniachtchi, Ian"]
[Black "Wojtaszek, Radoslaw"]
[Result "1/2-1/2"]
[WhiteTitle "GM"]
[BlackTitle "GM"]
[WhiteElo "2714"]
[BlackElo "2744"]
[WhiteFideId "4168119"]
[BlackFideId "1118358"]
[EventDate "2014.12.11"]

1. f4 c5 2. Nf3 d5 3. g3 g6 4. Bg2 Bg7 5. O-O Nc6 6. d3 Nf6 7. Nc3 O-O 8. e4
dxe4 9. dxe4 Qxd1 10. Rxd1 e5 11. Nxe5 Nxe5 12. fxe5 Ng4 13. Nd5 Nxe5 14. Bg5
Bg4 15. Rf1 Be6 16. Nc7 Rac8 17. Nxe6 fxe6 18. Bh3 Rc6 19. Rxf8+ Kxf8 20. Rf1+
Nf7 21. c3 Ke8 22. Be3 Ke7 23. a4 a5 24. Rf2 b6 25. Bf1 Rd6 26. Kg2 Bf6 27. h4
Ne5 28. Rd2 Ng4 29. Bf4 Rxd2+ 30. Bxd2 Be5 31. Be2 Nf6 32. Bd3 Nd7 33. Kf3 Bf6
34. Bb5 Ne5+ 35. Ke2 Kd6 36. Bf4 Be7 37. Kd1 Bd8 38. Kc2 Bf6 39. b4 Bd8 40. Be2
Bf6 41. Kb3 Bd8 42. Bf1 Be7 43. Be2 Bd8 44. Be3 Be7 45. Bf2 Bd8 46. g4 h6 47.
Bg3 g5 48. bxc5+ bxc5 49. hxg5 hxg5 50. Kc2 Be7 51. Kb3 Bd8 52. Kc2 Be7 53. Kb3 1/2-1/2

[Event "SportAccord Rapid 2014"]
[Site "Beijing CHN"]
[Date "2014.12.12"]
[Round "6.4"]
[White "Nepomniachtchi, Ian"]
[Black "Harikrishna, Pentala"]
[Result "1-0"]
[WhiteTitle "GM"]
[BlackTitle "GM"]
[WhiteElo "2714"]
[BlackElo "2727"]
[WhiteFideId "4168119"]
[BlackFideId "5007003"]
[EventDate "2014.12.11"]

1. Nf3 Nf6 2. g3 d5 3. Bg2 c6 4. O-O Bg4 5. d3 Nbd7 6. c4 Bxf3 7. Bxf3 dxc4 8.
dxc4 Ne5 9. Qb3 Nxf3+ 10. Qxf3 g6 11. Nc3 Bg7 12. Rd1 Qc8 13. Bf4 O-O 14. Rd3
Qe6 15. Rc1 Rad8 16. b3 Qh3 17. Rcd1 Rxd3 18. Rxd3 Ng4 19. Qg2 Qxg2+ 20. Kxg2
Bxc3 21. Rxc3 Rd8 22. h3 Nf6 23. Rd3 Rxd3 24. exd3 Nd7 25. Be3 a6 26. g4 f6 27.
Kf3 Kf7 28. Ke4 e5 29. f4 exf4 30. Kxf4 Ke6 31. d4 b5 32. Ke4 bxc4 33. bxc4 f5+
34. gxf5+ gxf5+ 35. Kf4 Nf6 36. Kg5 Ne4+ 37. Kh6 Nd6 38. c5 Nc4 39. Bg1 f4 40.
Kxh7 Kf5 41. Kg7 Ne3 42. Kf7 Nd5 43. Bf2 f3 44. h4 Nf4 45. Ke7 Nd3 46. Bg1 Nb4
47. a3 a5 48. Kd6 Kg6 49. d5 Nxd5 50. Kxc6 Nc3 51. Kb7 Ne4 52. c6 f2 53. Bxf2
Nxf2 54. c7 1-0